Statistiques concernant Pays francophones les plus peuplés

Cliquez ici pour prendre le quiz!

Statistiques générales

  • Ce quiz a été pris 15 830 fois
    (15 578 depuis la dernière actualisation)
  • Le résultat moyen est 12 sur 20

Statistiques - réponses

populationpays% Correct
66,9France
99%
36,4Canada
90%
11,3Belgique
87%
8,4Suisse
81%
82,2Rép dém du Congo
78%
14,8Sénégal
75%
18,3Mali
69%
22,7Côte d'Ivoire
67%
22,7Cameroun
63%
20,7Niger
62%
7,1Togo
55%
13,0Guinée
54%
14,5Tchad
52%
10,6Bénin
51%
19,0Burkina Faso
48%
5,0Centrafrique
46%
22,4Madagascar
43%
11,5Rwanda
31%
11,1Haïti
30%
10,1Burundi
26%

Distribution des résultats

Percentile par nombre de réponses

% des personnes avec chaque résultat

Votre développement - résultats

Vous n’avez pas pris ce quiz depuis la dernière actualisation